|
|
|
|
| LEADER |
00000cam a2200000 a 4500 |
| 001 |
vtls010549437 |
| 003 |
SK-MaSNL |
| 005 |
20260302013019.0 |
| 008 |
160610s2012 xr hab f 000 0dcze |
| 015 |
|
|
|a SNBZSA2013-001542
|
| 020 |
|
|
|a 9788087398289 (brož.)
|
| 035 |
|
|
|a 1B79BC5F-4E3C-4788-91C7-8180CCE43B9C
|
| 035 |
|
|
|a urn:nbn:sk:snk-amlbtf
|
| 035 |
|
|
|a urn:nbn:sk:snk-am0092d5
|
| 040 |
|
|
|a SNK
|b slo
|c SNK
|e AACR2
|
| 041 |
0 |
|
|a cze
|a eng
|a slo
|b eng
|
| 044 |
|
|
|a xr
|c CZ
|
| 072 |
|
7 |
|a 316.3
|x Globálne spoločnosti. Sociálna štruktúra. Sociálne skupiny
|2 konspekt
|
| 080 |
|
|
|a 316.356.4
|2 2001
|
| 080 |
|
|
|a 323.15
|2 2001
|
| 080 |
|
|
|a 316.347
|2 2001
|
| 080 |
|
|
|a 364-786
|2 2001
|
| 080 |
|
|
|a 314.15-026.44
|2 2001
|
| 080 |
|
|
|a (048.8:082)
|2 2001
|
| 245 |
0 |
0 |
|a Etnické komunity
|b vyjednávání pozice v majoritě
|c eds. Dana Bittnerová, Mirjam Moravcová
|
| 246 |
3 |
|
|a Etnické komunity - vyjednávání pozice v majoritě
|
| 246 |
3 |
0 |
|a Vyjednávání pozice v majoritě
|
| 250 |
|
|
|a 1. vyd.
|
| 260 |
|
|
|a Praha
|b FHS UK
|c 2012
|
| 300 |
|
|
|a 367 s.
|b faks., grafy, ilustr., mp., tab.
|c 21 cm
|
| 490 |
1 |
|
|a Agora ;
|v sv. 9
|
| 504 |
|
|
|a Bibliogr. odkazy ; zoz. aut.
|
| 546 |
|
|
|a Čiast. anglický a slovenský text
|
| 546 |
|
|
|a Res. angl.
|
| 650 |
0 |
7 |
|a etnické skupiny
|2 SNKPH
|9 1669
|
| 650 |
0 |
7 |
|a národnostné menšiny
|2 SNKPH
|9 2669
|
| 650 |
0 |
7 |
|a etnicita
|2 SNKPH
|9 4899
|
| 650 |
0 |
7 |
|a sociálna integrácia
|2 SNKPH
|9 60109
|
| 650 |
0 |
7 |
|a emigrácia a imigrácia
|2 SNKPH
|9 3821
|
| 650 |
0 |
7 |
|a Ethnic groups
|2 SNKPHeng
|9 280363
|
| 650 |
0 |
7 |
|a Ethnic minorities
|2 SNKPHeng
|9 265191
|
| 650 |
0 |
7 |
|a Ethnicity
|2 SNKPHeng
|9 268216
|
| 650 |
0 |
7 |
|a Social integration
|2 SNKPHeng
|9 318681
|
| 650 |
0 |
7 |
|a Emigration and immigration
|2 SNKPHeng
|9 306318
|
| 655 |
|
7 |
|a kolektívne monografie
|2 SNKPH
|9 249850
|
| 655 |
|
7 |
|a Collective monographs
|2 SNKPHeng
|9 125747
|
| 700 |
1 |
|
|a Bittnerová, Dana,
|d 1966-
|4 edt
|9 485834
|
| 700 |
1 |
|
|a Moravcová, Mirjam,
|d 1931-2023
|4 edt
|9 471245
|
| 830 |
|
0 |
|a Agora
|9 485835
|
| 919 |
|
|
|a 978-80-87398-28-9
|
| 958 |
|
|
|a ZS
|
| 958 |
|
|
|a BX
|
| 958 |
|
|
|a NB
|
| 958 |
|
|
|a NM
|
| 958 |
|
|
|a SK
|
| 958 |
|
|
|a CZ
|
| 958 |
|
|
|a US
|
| 999 |
|
|
|c 1011450
|d 1013380
|
| 952 |
|
|
|a SNK
|b SNK
|y PREZ
|7 0
|p 17A1084854
|o snkSC 156679
|i snk2013/26255
|8 4
|g 8.49
|0 0
|1 0
|4 0
|d 2013-10-25
|f 1
|l 0
|r 2025-08-18 00:00:00
|w 2026-02-24
|